| 000 | 00604nam a2200121Ia 4500 | ||
|---|---|---|---|
| 008 | 220620s9999||||xx |||||||||||||| ||und|| | ||
| 100 | _aGlasman, Joël | ||
| 245 | 0 |
_aChapter 1 Concepts _bElements of a genealogy of needology |
|
| 546 | _aEnglish[eng] | ||
| 650 | _abasic needs, evidence-based humanitarianism, humanitarian agencies, humanitarian assistance, minimal humanity | ||
| 856 | _uhttps://library.oapen.org/bitstream/20.500.12657/51116/1/9781003006954_10.4324_9781003006954-2.pdf||https://library.oapen.org/bitstream/20.500.12657/51116/11/9781003006954_10.4324_9781003006954-2.pdf | ||
| 942 | _cEB | ||
| 999 |
_c34133 _d34133 |
||